000 00811nam a2200229 a 4500
001 47563
003 BD-RjUL
005 20211209054337.0
008 160810s1973 bg a|||| |||| 00| 0 ben d
020 _c :TK.25.00
035 _a(BD-RjUL)47682
040 _aBD-RjUL
_bben
_cBD-RjUL
041 _aben
082 _223
_a515
_bSOD 1973
100 _aসরকার, রমজান আলী
_9144573
245 _aডিফারেন্সিয়াল ক্যালকুলাস /
_cরমজান আলী সরকার
260 _aঢাকা :
_bবাংলা একাডেমী,
_c১৯৮১
300 _a[৮], ৪২৪ পৃ.:
_bচিত্র ;
_c২১ সেমি.
650 _aক্যালকুলাস
_9135535
650 _aCalculus
_9144574
942 _2ddc
_cBK
999 _c47563
_d47563